AH International Schools' Libraries

The three little pigs / (Record no. 49232)

MARC details
000 -LEADER
fixed length control field 00305nam a2200109 4500
020 ## - INTERNATIONAL STANDARD BOOK NUMBER
International Standard Book Number 9781680524505
100 ## - MAIN ENTRY--PERSONAL NAME
Personal name Jewit, Kath
9 (RLIN) 86499
245 ## - TITLE STATEMENT
Title The three little pigs /
Statement of responsibility, etc Kath Jewitt & Mei Matsuoka
260 ## - PUBLICATION, DISTRIBUTION, ETC. (IMPRINT)
Place of publication, distribution, etc Illinois
Name of publisher, distributor, etc Parragon Books
Date of publication, distribution, etc 2018
300 ## - PHYSICAL DESCRIPTION
Extent unpaged.
Other physical details col. ill.
Dimensions 29 cm.
942 ## - ADDED ENTRY ELEMENTS (KOHA)
Source of classification or shelving scheme
Koha item type Book
Holdings
Withdrawn status Lost status Source of classification or shelving scheme Damaged status Not for loan Collection code Home library Current library Shelving location Date acquired Total Checkouts Full call number Barcode Date last seen Date checked out Price effective from Koha item type
          TEACHERS' RESOURCES Asian Hope Early Years Library Asian Hope Early Years Library Easy Reading 08/11/2025 1 E JEW 208910 11/11/2025 09/16/2025 08/11/2025 Book

For any Logos Library related questions please contact Miss Art at swongnarasuk@asianhope.org.

For any Asian Hope Library related questions please contact Miss Raza at graza@asianhope.org.

Powered by Koha